LEADER 00852nam0-22003131i-450- 001 990006536290403321 005 20001010 035 $a000653629 035 $aFED01000653629 035 $a(Aleph)000653629FED01 035 $a000653629 100 $a20001010d--------km-y0itay50------ba 101 0 $aita 105 $ay-------001yy 200 1 $a<>systeme politique francais$ela Va Republique$fDmitri Georges Lavroff 205 $a4. ed. 210 $aParis$cDalloz$d1986. 215 $aXXII, 957 p. 18 cm 225 1 $aPrécis Dalloz 676 $a320.944 700 1$aLavroff,$bDmitri Georges$f<1934- >$0243873 801 0$aIT$bUNINA$gRICA$2UNIMARC 901 $aBK 912 $a990006536290403321 952 $aI B 243$b4761$fFSPBC 959 $aFSPBC 996 $aSysteme politique francais$9619841 997 $aUNINA DB $aGEN01 LEADER 00935nam a22002531i 4500 001 991003041219707536 005 20030827080724.0 008 030925s1916 it a||||||||||||||||ita 035 $ab12372110-39ule_inst 035 $aARCHE-041964$9ExL 040 $aBiblioteca Interfacoltà$bita$cA.t.i. Arché s.c.r.l. Pandora Sicilia s.r.l. 082 04$a915.63 100 1 $aFerretti, Giovanni$0386331 245 10$aCostantinopoli /$cG. Ferretti 260 $aFirenze :$bR. Bemporad & figlio,$c1916 300 $a8 p. :$bill. ;$c21 cm 500 $aEstr. da: Almanacco italiano (1916) 651 4$aCostantinopoli 907 $a.b12372110$b02-04-14$c08-10-03 912 $a991003041219707536 945 $aLE002 Misc. I D 5/12 (Fondo Ferretti)$g1$i2002000189165$lle002$o-$pE0.00$q-$rn$so $t0$u0$v0$w0$x0$y.i1277716x$z08-10-03 996 $aCostantinopoli$9170233 997 $aUNISALENTO 998 $ale002$b08-10-03$cm$da $e-$fita$git $h0$i1